000 00376nam a22001337a 4500
082 _a684.1
_bALB
_cDonation
100 _aAlbers Vernon
_945098
245 _aThe Complete Book of Furniture and Cabinetmaking
260 _aNew jersey
_bA.S Barnes and Co
_c1972
300 _aP-109
_bIllus
526 _a0
_b0
_c0
_d684_100000000000000_ALB
650 _aMCE
_9379
942 _2ddc
_cBK
999 _c548697
_d548697